| 000 | 00492nam a2200157Ia 4500 | ||
|---|---|---|---|
| 008 | 210716s2015 xx 000 0 und d | ||
| 020 | _a9789352132553 | ||
| 041 | _aeng | ||
| 082 | _a621.3821 NEUM | ||
| 100 | _aNeuburg, Matt. | ||
| 245 |
_aIOS 9 programming fundamentals with swift: swift xcode and cocoa basics. _bswift xcode and cocoa basics. |
||
| 250 | _a2 | ||
| 260 |
_aNew Delhi _bShroff Publishers and Distributors Pvt Ltd _c2015 |
||
| 300 | _axxi,578 | ||
| 650 | _aDigital Systems | ||
| 999 |
_c195049 _d195049 |
||